000 00293nam a22001337a 4500
003 SGT
020 _a9789353386368
082 _a370.72.KOU
100 _aKOUL,LOKESH
245 _aMETHODOLOGY OF EDUCATIONAL RESEARCH
260 _aNEW DELHI
_bVIKASH
_c2025
300 _a529
942 _2ddc
_cBK
999 _c34138
_d34138